Acción socioeducativa: modelos, métodos, técnicas

Kaydedildi:
Detaylı Bibliyografya
Asıl Yazarlar: Geissler, Karlheinz A (Yazar), Hege, Marianne (Yazar)
Materyal Türü: Kitap
Dil:İspanyolca
Baskı/Yayın Bilgisi: Madrid Narcea 1997
Seri Bilgileri:Narcea Sociocultural
Konular:
Etiketler: Etiketle
Etiket eklenmemiş, İlk siz ekleyin!

MARC

LEADER 00000nam a2200000 a 4500
001 UCM7598
003 CL-VaPUC
008 021227e19970000SP |||||||||||||||||spa|d
082 0 4 |a 306.43  |b GEI  |2 21 
100 0 |a Geissler, Karlheinz A  |e author  |9 473247 
700 0 |a Hege, Marianne  |e author  |9 473248 
245 1 0 |a Acción socioeducativa: modelos, métodos, técnicas 
300 |a 255 p 
942 |c BK 
945 |d 20021227 00:00:00  |a cmena 
260 |a Madrid  |b Narcea  |c 1997 
650 0 |a Sociología de la educación   |9 260380 
650 7 |a EDUCACION SOCIAL  |2 CL-VaPUC  |9 330279 
650 0 |a Psicoanálisis   |9 265702 
650 0 |a Dinámica de grupos   |9 259862 
650 0 |a Trabajo social   |9 307856 
583 |a last modification  |c 20021227 00:00:00  |k Rodrigo Vera 
490 0 |a Narcea Sociocultural 
999 |c 302345  |d 302343 
952 |0 0  |1 0  |4 0  |6 306_430000000000000_GEI_1997  |7 0  |8 A  |9 362810  |a BIBGIM  |b BIBGIM  |d 2019-11-21  |i 3836444  |o 306.43 GEI 1997  |p 3836444  |r 2025-01-15  |w 2019-11-21  |y BK  |k SSL